|
|
|
|
| LEADER |
00667nam a22002051a 4500 |
| 020 |
|
|
|a 9781412948135
|c 0.00
|
| 040 |
|
|
|a SSUS - Library - Kalady
|
| 082 |
|
|
|a 616.891 42
|b JAN/C
|
| 100 |
|
|
|a Jane Simmons
|
| 245 |
|
|
|a CBT for beginners
|h [Text]
|
| 260 |
|
|
|a London
|b Sage
|c 2010
|
| 300 |
|
|
|a 232p.
|
| 600 |
|
|
|a Mental Therapy
|
| 600 |
|
|
|a Cognitive Therapy
|
| 600 |
|
|
|a Medicine
|
| 700 |
|
|
|a Rachel Griffiths
|
| 852 |
|
|
|h 616.891 42
|i JAN/C
|p 059893
|9 1517.24
|t 0
|
| 942 |
|
|
|c BK
|
| 999 |
|
|
|c 6836
|d 6836
|
| 952 |
|
|
|0 0
|1 0
|4 0
|6 616_891000000000000_42_JAN_C
|7 0
|9 10334
|a SSUS
|b SSUS
|c STACKS
|d 2015-01-08
|g 1517.24
|l 2
|o 616.891 42 JAN/C
|p 059893
|r 2019-02-27
|s 2019-01-30
|v 0.00
|w 2015-01-08
|y BK
|